| 000 | 00763nam a22002057a 4500 | ||
|---|---|---|---|
| 999 |
_c15621 _d15621 |
||
| 003 | MIRAKIL | ||
| 005 | 20240312145934.0 | ||
| 008 | 240312b tu ||||| |||| 00| 0 tur d | ||
| 020 | _a9789751752925 | ||
| 040 |
_aTR-AnCHP _cTR-AnCHP |
||
| 041 | _atur | ||
| 082 |
_a417 _bT96 2022 |
||
| 245 | 1 | 0 |
_aTürkiye Türkçesi ağızlarından seçmeler: _bağız araştırmaları bilim ve uygulama kolu/ _ceditörler : Leyla Karahan, Özgür Ay. |
| 260 |
_aAnkara: _bTürk Dil Kurumu Yayınları, _c2022. |
||
| 300 |
_a753 s. : _btbl., rnk. fotoğ., hrt. , _c24 cm. |
||
| 490 | 0 |
_aTürk Dil Kurumu Yayınları: _v1512. |
|
| 650 | 0 |
_97729 _aTürk lehçeleri |
|
| 856 | _zDijital Nüshası için Partimizin Kütüphane Sorumlusu ile iletişime geçiniz. | ||
| 942 |
_2ddc _cBKS |
||